| 000 | 00728nam a2200217Ii 4500 | ||
|---|---|---|---|
| 003 | JO-AjNU | ||
| 008 | 230605s9999||||xx |||||||||||||| ||und|| | ||
| 017 | _a2008 | ||
| 040 |
_aJO-AjNU _bara _erda _cJO-AjNU |
||
| 041 | _aara | ||
| 050 | 1 | 4 | _aTX911.3.M27.T39 2008 |
| 100 | 3 |
_aتوفيق، ماهر عبد العزيز, _eauthor _951195 |
|
| 245 | 0 | 0 | _aعلم إدارة الفنادق |
| 264 | 3 | 1 | _aعمان: دار زهران للنشر والتوزيع، 2008 |
| 300 | _a371ص | ||
| 336 |
_atext _btxt _2rdacontent |
||
| 337 |
_aunmediated _bn _2rdamedia |
||
| 338 |
_avolume _bnc _2rdacarrier |
||
| 490 | 0 | _aسلسلة كتب الفنادق والسياحة | |
| 650 | 4 |
_aالفنادق - تنظيم وادارة _951196 |
|
| 999 |
_aA22598 _c26166 _d26166 |
||